LEADER 01195nam a2200265 i 4500 001 991001453189707536 008 060131s1984 it 000 0 ita d 035 $ab13374977-39ule_inst 040 $aSet. Economia$bita 082 14$a338.6 245 03$aIl contenuto manageriale del lavoro nella piccola e media impresa :$buna ricerca sui mutamenti tecnologico-organizzativi e sui sistemi professionali e di formazione /$cISFOL-RSO ; a cura di Paolo Montobbio 260 $aMilano :$bAngeli,$c1984 300 $a287 p. ;$c22 cm 490 $aSR, Strumenti e ricerche ;$v8 650 4$aPiccole imprese$xPersonale direttivo$xIstruzione professionale 650 4$aMedie imprese$xPersonale direttivo$xIstruzione professionale 700 1 $aMontobbio, Paolo 710 2 $aISFOL 710 2 $aRSO 907 $a.b13374977$b27-07-18$c31-01-06 912 $a991001453189707536 945 $aLE025 ECO 338.6 MON02.01$g1$i2025000131668$lle025$nCatalogato 2018$o-$pE11.88$q-$rl$s- $t0$u2$v0$w2$x0$y.i14188326$z02-02-06 996 $aContenuto manageriale del lavoro nella piccola e media impresa$91746941 997 $aUNISALENTO 998 $ale025$b31-01-06$cm$da $e-$fita$git $h3$i0 LEADER 02322oas 2200757 a 450 001 9910703105203321 005 20251106213014.0 035 $a(OCoLC)608212478 035 $a(CONSER) 2011230391 035 $a(CKB)991042726037980 035 $a(EXLCZ)99991042726037980 100 $a20100420b197219uu ua 101 0 $aeng 135 $aur||||||||||| 181 $ctxt$2rdacontent 182 $cc$2rdamedia 183 $acr$2rdacarrier 200 00$aNewspapers in microform$iUnited States /$f[compiled and edited by the Catalog Management and Publication Division, Library of Congress] 210 $aWashington, D.C. $cLibrary of Congress 215 $a2 volumes $cdigital, PDF files 225 1 $aLibrary of Congress catalogs 311 08$a0192-124X 410 0$aLibrary of Congress catalogs. 606 $aAmerican newspapers$vMicroform catalogs 606 $aAmerican newspapers$vBibliography$vUnion lists 606 $aNewspapers in microform$vBibliography$vUnion lists 606 $aUnion catalogs 606 $aAmerican newspapers$2fast$3(OCoLC)fst00807293 606 $aNewspapers in microform$2fast$3(OCoLC)fst01037186 606 $aUnion catalogs$2fast$3(OCoLC)fst01733640 608 $aOnline resources. 608 $aBibliographies.$2fast 608 $aMicroform catalogs.$2fast 608 $aUnion catalogs.$2fast 608 $aBibliographies.$2lcgft 608 $aUnion catalogs.$2lcgft 615 0$aAmerican newspapers 615 0$aAmerican newspapers 615 0$aNewspapers in microform 615 0$aUnion catalogs. 615 7$aAmerican newspapers. 615 7$aNewspapers in microform. 615 7$aUnion catalogs. 676 $a011/.35/0973 712 02$aLibrary of Congress.$bCatalog Management and Publication Division. 712 02$aLibrary of Congress.$bCatalog Publication Division. 801 0$bOCLCE 801 1$bOCLCE 801 2$bOCLCQ 801 2$bGPO 801 2$bOCLCQ 801 2$bOCLCF 801 2$bOCLCO 801 2$bOCL 801 2$bOCLCO 801 2$bOCLCQ 801 2$bGILDS 801 2$bOCLCO 801 2$bOCL 801 2$bOCLCQ 801 2$bDOS 801 2$bOCLCQ 906 $aJOURNAL 912 $a9910703105203321 996 $aNewspapers in microform$93287199 997 $aUNINA